01376nab a22002417a 4500003000400000005001700004008004100021040000700062100002900069245017000098260007300268300001500341500003500356505029500391505011300686505008100799650001800880650002600898650001900924650002300943650001400966773015400980OSt20260202120819.0190429b xxu||||| |||| 00| 0 spa d cPJ aChavarría, Magalí A.10aViolencia institucional contra las mujeres. Abuso de autoridad por parte de agentes policiales del Estado en casos de violencia de género /cMagalí A. Chavarria. cCiudad Autónoma de Buenos Aires :aThomson Reuters La Ley, b2023. ap. 121-130 aCita Online: AR/DOC/1823/2023. aSumario: I. Introducción.— II. Violencia institucional. Debida diligencia por parte del Estado.— III. Análisis del tipo penal de abuso de autoridad.— IV. Postura de la Cámara en lo Criminal y Correccional de 10°. Nominación de la provincia de Córdoba.— V. Conclusiones.  aFallo comentado: CCrim. Corr. 10a Nom., Córdoba ~ 19/12/2022 ~ C., R. C. D. s/ P.S.A. abuso de autoridad. tSi te interesa el texto completo, solicitalo a koha@justierradelfuego.gov.ar 0aDERECHO PENAL 0aVIOLENCIA DE GÉNERO 0aDISCRIMINACION 0aABUSO DE AUTORIDAD 0aPOLICÍA0 02658tRevista de derecho penal y criminología. Nº 8 - Septiembre 2023dCiudad Autónoma de Buenos Aires : Thomson Reuters La Ley, 2017-x00347914